000 00771nam a2200241Ia 4500
003 GCL
008 140319s9999 xx 000 0 ara d
040 _aGCL /
_cGCL
082 0 4 _aد
_b793
_bه م
100 1 _aالهيئة المصرية العامة للكتاب
245 1 0 _aالمسرح /
_cالهيئة المصرية العامة للكتاب
260 _a[S.N] :
_bالهيئة المصرية العامة للكتاب
300 _aمتعدد
490 _aموسوعه السنه
_v0
650 0 4 _aالاخراج المسرحى
650 0 4 _aالمسرح
650 0 4 _aالمسرحيات
650 0 4 _aالفنون المسرحية
650 0 4 _aنقد
650 0 4 _aالفنون
650 0 4 _aالتمثيل فى المسرح
942 _2ddc
_cCF
999 _c26951
_d26951